Giáo trình đại cương sở hữu trí tuệ và khai thác thông tin sáng chế (Dùng cho các trường đại học Kỹ thuật)
Những kiến thức cơ bản về quyền sở hữu trí tuệ, xác lập quyền sở hữu trí tuệ, biện pháp bảo vệ và chuyển giao quyền sở hữu trí tuệ. Đại cương về chuyển giao công nghệ và khai thác thông tin sáng chế...
Na minha lista:
| Formato: | Livro |
|---|---|
| Idioma: | Undetermined |
| Publicado em: |
Hà Nội
Bách Khoa Hà Nội
2008
|
| Assuntos: | |
| Tags: |
Adicionar Tag
Sem tags, seja o primeiro a adicionar uma tag!
|
| Thư viện lưu trữ: | Trung tâm Học liệu Trường Đại học Cần Thơ |
|---|
| LEADER | 01080nam a2200217Ia 4500 | ||
|---|---|---|---|
| 001 | CTU_176536 | ||
| 008 | 210402s9999 xx 000 0 und d | ||
| 020 | |c 66000 | ||
| 082 | |a 346.597048 | ||
| 082 | |b Gi108 | ||
| 245 | 0 | |a Giáo trình đại cương sở hữu trí tuệ và khai thác thông tin sáng chế | |
| 245 | 0 | |b (Dùng cho các trường đại học Kỹ thuật) | |
| 245 | 0 | |c Phan Quốc Nguyên ... [et al.] | |
| 260 | |a Hà Nội | ||
| 260 | |b Bách Khoa Hà Nội | ||
| 260 | |c 2008 | ||
| 520 | |a Những kiến thức cơ bản về quyền sở hữu trí tuệ, xác lập quyền sở hữu trí tuệ, biện pháp bảo vệ và chuyển giao quyền sở hữu trí tuệ. Đại cương về chuyển giao công nghệ và khai thác thông tin sáng chế | ||
| 650 | |a Intellectual property,Luật sở hữu trí tuệ | ||
| 650 | |z Vietnam,Việt Nam | ||
| 910 | |a Nguyên | ||
| 980 | |a Trung tâm Học liệu Trường Đại học Cần Thơ | ||